LEADER 01000nam a2200205 4500 001 000000358678 003 CaOOAMICUS 005 20240710112230.0 008 240619s2009 it a 000 u ita r 040 $aSeMil$bita 100 1 $aBarbariga, Rocco,$d<1921-2013>.$0(OLS)http://semarc/name/24614 245 10$aIo esulto nel mio Salvatore :$bcinque capisaldi della spiritualitą di Vincenza Stroppa /$cp. Rocco Barbariga. 264 1$aBrescia :$bPiccola Famiglia Francescana,$c2009. 300 $a247 p. :$bill. ;$c24 cm 650 4$aStroppa, Vincenza - Spiritualitą.$0(OLS)http://semarc/subject/55853 850 $aSeMil 852 $aSeMil$W1$xVenegono$y1$m3F IV 765$j249889$B249859$CSeMilBibl$Z2$F249859 $81 996 $6245$aIo esulto nel mio Salvatore :$bcinque capisaldi della spiritualitą di Vincenza Stroppa$9(OLS)http://semarc/title/449079 996 $6264$aBrescia :$bPiccola Famiglia Francescana$9(OLS)http://semarc/publisher/61799 LEADER 01343nam a2200265 i 4500 001 000000137309 003 CaOOAMICUS 005 20250428095311.0 008 050412s2004 be u000 u lat u 013 $a111082 020 $a2-503-51733-1 040 $aSeMil$bita 245 00$aSeries A, Formae :$bEnumeratio formarum, Index formarum a tergo ordinatarum, Tabulae frequentiarum Concordantia formarum. 300 $aXXV, 357 p. + 46 microfiches. 490 1 $aCorpus Christianorum. Thesaurus Patrum Latinorum 650 4$aFilippo : di Harvengt - Concordanze.$0(OLS)http://semarc/subject/26964 700 1 $aHarvengt, Philippus : de,$d.$0(OLS)http://semarc/name/6319 773 0 $tThesaurus Philippi Harvengii.$dTurnhout : Brepols, [200?]$kCorpus Christianorum. Thesaurus Patrum Latinorum$w()13247 830 0$aCorpus Christianorum. Thesaurus Patrum Latinorum.$0(OLS)http://semarc/title/136 850 $aSeMil 852 $aSeMil$W1$xVenegono$y1$mSL2.H III 24$j90857$B90857$CSeMilBibl$Z2$F95783 $8I 961 $aSottoscrizione: Brepols 996 $6020$a2-503-51733-1$9(OLS)http://semarc/number/124992 996 $6245$aSeries A, Formae :$bEnumeratio formarum, Index formarum a tergo ordinatarum, Tabulae frequentiarum Concordantia formarum$9(OLS)http://semarc/title/200618